An Introduction to the American Business Enterprise (Record no. 2972)

MARC details
000 -LEADER
fixed length control field 00372nam a22001457a 4500
008 - FIXED-LENGTH DATA ELEMENTS--GENERAL INFORMATION
fixed length control field 250414b |||||||| |||| 00| 0 eng d
020 ## - INTERNATIONAL STANDARD BOOK NUMBER
ISBN 0256022801
100 ## - MAIN ENTRY--AUTHOR
Author POE Jerry B.
245 ## - TITLE STATEMENT
Title An Introduction to the American Business Enterprise
250 ## - EDITION STATEMENT
Edition statement 4
260 ## - PUBLICATION, DISTRIBUTION, ETC. (IMPRINT)
Place of publication USA.
Name of publisher Library of Congress
Date of publication 1986
300 ## - COLLATION
Pagination xiii, 459p.
942 ## - ADDED ENTRY ELEMENTS (KOHA)
Item type Books
050 ## - LIBRARY OF CONGRESS CALL NUMBER
Classification number HF5343
Item number .P64
Holdings
Source of classification or shelving scheme Not for loan Permanent location Current location Date acquired Accession No. Full call number Barcode. Koha item type
Library of Congress Classification   Samuel Ogbemudia Main Library, University of Abuja Samuel Ogbemudia Main Library, University of Abuja 04/14/2025 93/013307 HF5343.P64 2025-1334 Books